Practice tests (With answers); Book 2 tài liệu luyện thi chứng chỉ Quốc gia trình độ B, C

में बचाया:
ग्रंथसूची विवरण
स्वरूप: पुस्तक
भाषा:Undetermined
प्रकाशित: Tp. HCM Nxb. Tp. HCM 1997
विषय:
टैग : टैग जोड़ें
कोई टैग नहीं, इस रिकॉर्ड को टैग करने वाले पहले व्यक्ति बनें!
Thư viện lưu trữ: Trung tâm Học liệu Trường Đại học Cần Thơ
LEADER 00616nam a2200169Ia 4500
001 CTU_27670
008 210402s9999 xx 000 0 und d
082 |a 428.076 
082 |b P896/T2 
245 0 |a Practice tests (With answers); Book 2 
245 0 |b tài liệu luyện thi chứng chỉ Quốc gia trình độ B, C 
245 0 |c Biên dịch Đặng Tuấn Anh 
260 |a Tp. HCM 
260 |b Nxb. Tp. HCM 
260 |c 1997 
650 |a english language - examinations, questions, etc,english language - problems, exercises, etc 
980 |a Trung tâm Học liệu Trường Đại học Cần Thơ